| 000 | 02495cam a2200337 4500500 | ||
|---|---|---|---|
| 005 | 20251228070454.0 | ||
| 041 | _afre | ||
| 042 | _adc | ||
| 100 | 1 | 0 |
_aSalmon, Pierre _eauthor |
| 245 | 0 | 0 | _aUn trafic à la frontière du légal : le transit d’armes polonaises destinées aux républicains espagnols par le port de Honfleur (1937-1938) |
| 260 | _c2018. | ||
| 500 | _a96 | ||
| 520 | _aDurant la guerre d’Espagne (1936-1939), un trafic d’armes d’apparence légale destiné aux républicains espagnols se développe. Une partie de celui-ci provient de Pologne, qui est alors une dictature d’extrême droite. Ainsi, Honfleur, port de refuge de l’illégalité, devient une plaque tournante des livraisons d’armes transitant par la France. Face à ce phénomène, les autorités ont une attitude ambivalente, encadrant un trafic qu’elles ne pouvaient ou ne voulaient pas arrêter. Aussi, celles-ci auraient décidé de relâcher la politique dite de « non-intervention » interdisant les fournitures destinées au conflit espagnol. Un regard nouveau est porté sur ce phénomène. Il consiste à étudier le trafic par le biais d’un lieu privilégié, le port normand. Par conséquent, cela permet de modestement bousculer les représentations historiographiques françaises traditionnelles : en dépit du « relâchement », il semble que toutes les autorités n’ont pas prêté main forte au trafic semi-légal. | ||
| 520 | _aDuring the Spanish Civil War (1936-1939) an apparently legitimate arms trade developped to arm the Republicans. Some of the arms came from Poland, a right-wing dictatorship. Honfleur became an illegal gateway for this trade. French authorities adopted an ambivalent attitude of non-intervention in this conflict. By examining this trade through a Norman port, this article puts in question the traditional interpretation showing that not all authorities favoured this trade. | ||
| 690 | _aarmes | ||
| 690 | _aguerre d’Espagne | ||
| 690 | _aHonfleur | ||
| 690 | _aPologne | ||
| 690 | _atrafic | ||
| 690 | _aHonfleur | ||
| 690 | _aillicit | ||
| 690 | _anon-intervention | ||
| 690 | _aPoland | ||
| 690 | _aSea | ||
| 690 | _asemi-legal | ||
| 690 | _aSpanish Civil War | ||
| 690 | _atrade | ||
| 690 | _aweapons | ||
| 786 | 0 | _nAnnales de Normandie | 68e aée | 1 | 2018-06-13 | p. 153-171 | 0003-4134 | |
| 856 | 4 | 1 | _uhttps://shs.cairn.info/revue-annales-de-normandie-2018-1-page-153?lang=fr&redirect-ssocas=7080 |
| 999 |
_c1592879 _d1592879 |
||